عرض عادي
عرض مارك
- Molecular diagnosis.
مدخل مصطلح موضوعي
001 - رقم الضبط
- حقل الضبط: 52224
003 - معرف رقم الضبط
- حقل الضبط: OSt
005 - تاريخ ووقت أخر عملية
- حقل الضبط: 20151013171021.0
008 - عناصر بيانات ثابتة الطول
- حقل تحكم ثابت الطول: 151013|| aca||aabn | a|a d
040 ## - مصدر الفهرسة
- هيئة الفهرسة الأصلية: OSt
- وكالة الكتابة: OSt
150 ## - مدخل-- مصطلح تاريخي
- عنصر مدخل المصطلح الموضوعي او الاسم الجغرافي: Molecular diagnosis.
670 ## - بيانات المصدر موجوده
- الاستشهاد بالمصدر: Work cat.: (OSt)0: Buckingham, Lela. 50166, Molecular diagnostics :, c2012.
